000 00586nam a2200121Ia 4500
008 220620s9999||||xx |||||||||||||| ||und||
245 0 _aArtificial Societies
546 _aEnglish[eng]
650 _asimulated||society||genetic||algorithm||distributed||intelligence||social||simulation||complex||adaptive
700 _aGilbert, Nigel||Conte, Rosaria
856 _uhttps://library.oapen.org/bitstream/20.500.12657/24305/1/1005826.pdf||https://library.oapen.org/bitstream/20.500.12657/24305/1/1005826.pdf||https://library.oapen.org/bitstream/20.500.12657/24305/1/1005826.pdf
942 _cEB
999 _c32893
_d32893